| 000 | 01103nam a22002177a 4500 | ||
|---|---|---|---|
| 003 | OSt | ||
| 005 | 20170331135242.0 | ||
| 008 | 150407b xxu||||| |||| 00| 0 eng d | ||
| 040 | _cCRI | ||
| 082 | _a374.13 | ||
| 100 |
_940969 _aFlores Jovel, Miguel Alcides |
||
| 245 | 1 | 0 |
_aDesarrollo de planificación didáctica para tercer ciclo en el Centro Escolar Cantón Cerro Colorado en base al programa de inglés del Ministerio de Educación para tercer ciclo _b: Proyecto _cMiguel Alcides Flores Jovel, Johana Lisseth Valladares Abarba, William Ernesto Galindo Luna |
| 260 |
_aIlobasco (Cabañas) _bUniversidad Católica de El Salvador _c2014 |
||
| 300 |
_a2 V. _bil. _c27.5 cm _e+ 1 disco compacto |
||
| 502 | _aTrabajo de graduación para optar al grado académico de Licenciado en ciencias de la educación especialidad en idioma inglés. | ||
| 650 | 0 |
_915474 _aEnseñanza |
|
| 700 |
_940970 _aValladares Abarca, Johana Lisseth |
||
| 700 |
_940971 _aGalindo Luna, William Ernesto |
||
| 710 |
_940915 _aUniversidad Católica de El Salvador _bCentro Regional de Ilobasco |
||
| 942 |
_2ddc _cTG _hprozim |
||
| 999 |
_c27465 _d27465 |
||